00326nam a22001097a 4500008004100000020001500041050002200056100002300078245004800101260002900149300003800178160802b xxu||||| |||| 00| 0 eng d a0273034545 aHD 69.P76Y43 1991 aYeates, Don.d1991 aProject management for information systems/ aLondon:bPearson,c1991. aix, 242 p. :ill.bIncludes index.